| 000 | 00437nam a2200181Ia 4500 | ||
|---|---|---|---|
| 005 | 20250630112611.0 | ||
| 008 | 008 250516s9999 xx 000 0 eng d | ||
| 020 | _a9789361134227 | ||
| 040 |
_beng _cSDCL |
||
| 041 |
_aeng _2eng |
||
| 084 | _aO-944,3N37,4 R4 | ||
| 100 | _aDesai, Anita | ||
| 245 | 0 | _aRosarita | |
| 260 |
_aNew Delhi: _bPan Macmillan, _c2024. |
||
| 300 | _a95p. | ||
| 650 | _aLiterature | ||
| 942 |
_cTEXL _2CC |
||
| 999 |
_c1430245 _d1430245 |
||